The purrfect show / (Record no. 397309)
[ view plain ]
| 000 -LEADER | |
|---|---|
| fixed length control field | 01969cam a2200445 i 4500 |
| 001 - CONTROL NUMBER | |
| control field | on1336600330 |
| 003 - CONTROL NUMBER IDENTIFIER | |
| control field | OCoLC |
| 005 - DATE AND TIME OF LATEST TRANSACTION | |
| control field | 20240605163555.0 |
| 008 - FIXED-LENGTH DATA ELEMENTS--GENERAL INFORMATION | |
| fixed length control field | 220719s2022 nyua b 000 1 eng d |
| 010 ## - LIBRARY OF CONGRESS CONTROL NUMBER | |
| LC control number | bl2022022264 |
| 020 ## - INTERNATIONAL STANDARD BOOK NUMBER | |
| International Standard Book Number | 9781338783988 |
| Qualifying information | pbk. |
| 020 ## - INTERNATIONAL STANDARD BOOK NUMBER | |
| International Standard Book Number | 133878398X |
| Qualifying information | pbk. |
| 035 ## - SYSTEM CONTROL NUMBER | |
| System control number | (OCoLC)1336600330 |
| 040 ## - CATALOGING SOURCE | |
| Original cataloging agency | NjBwBT |
| Language of cataloging | eng |
| Transcribing agency | FMG |
| Description conventions | rda |
| Modifying agency | FMG |
| -- | TnLvILS |
| 092 ## - LOCALLY ASSIGNED DEWEY CALL NUMBER (OCLC) | |
| Classification number | junior fiction |
| Item number | Eschmann |
| 100 1# - MAIN ENTRY--PERSONAL NAME | |
| Personal name | Eschmann, Reese, |
| Relator term | author. |
| 9 (RLIN) | 6488729 |
| 245 14 - TITLE STATEMENT | |
| Title | The purrfect show / |
| Statement of responsibility, etc | Reese Eschmann. |
| 246 3# - VARYING FORM OF TITLE | |
| Title proper/short title | Perfect show. |
| 250 ## - EDITION STATEMENT | |
| Edition statement | First edition. |
| 264 #1 - Production, Publication, Distribution, Manufacture, and Copyright Notice. | |
| Place of production, publication, distribution, manufacture | New York, NY : |
| Name of producer, publisher, distributor, manufacturer | Scholastic Inc., |
| Date of production, publication, distribution, manufacture, or copyr | 2022. |
| 300 ## - PHYSICAL DESCRIPTION | |
| Extent | 115 pages : |
| Other physical details | black and white illustrations ; |
| Dimensions | 20 cm. |
| 336 ## - Content Type | |
| Content type term | text |
| 337 ## - Media type | |
| Media type term | unmediated |
| 338 ## - Carrier type | |
| Carrier type term | volume |
| 490 0# - SERIES STATEMENT | |
| Series statement | Home for meow ; |
| Volume number/sequential designation | 1. |
| 520 ## - SUMMARY, ETC. | |
| Summary, etc | "Kira Parker lives above The Purrfect Cup, the cat café that her family owns and runs. Every day is a new adventure with her cat friends! Except lately, The King County Dog Show seems to be the only thing the regulars can talk about! Kira doesn't get why everyone is so excited. After all, her cat friends are much smarter and more talented than those dogs. Then Kira has a great idea -- she's going to train the cats, and enter them in the competition. It's sure to be her best plan yet!"-- |
| 650 #0 - SUBJECT ADDED ENTRY--TOPICAL TERM | |
| Topical term or geographic name as entry element | Cats |
| Form subdivision | Juvenile fiction. |
| 9 (RLIN) | 5674206 |
| 650 #0 - SUBJECT ADDED ENTRY--TOPICAL TERM | |
| Topical term or geographic name as entry element | Cat shows |
| Form subdivision | Juvenile fiction. |
| 9 (RLIN) | 6488730 |
| 650 #0 - SUBJECT ADDED ENTRY--TOPICAL TERM | |
| Topical term or geographic name as entry element | Cats |
| General subdivision | Training |
| Form subdivision | Juvenile fiction. |
| 9 (RLIN) | 6488731 |
| 650 #0 - SUBJECT ADDED ENTRY--TOPICAL TERM | |
| Topical term or geographic name as entry element | Coffeehouses |
| Form subdivision | Juvenile fiction. |
| 9 (RLIN) | 6472491 |
| 650 #0 - SUBJECT ADDED ENTRY--TOPICAL TERM | |
| Topical term or geographic name as entry element | Animal shelters |
| Form subdivision | Juvenile fiction. |
| 9 (RLIN) | 5705253 |
| 650 #0 - SUBJECT ADDED ENTRY--TOPICAL TERM | |
| Topical term or geographic name as entry element | Humorous stories. |
| 650 #1 - SUBJECT ADDED ENTRY--TOPICAL TERM | |
| Topical term or geographic name as entry element | Cats |
| Form subdivision | Fiction. |
| 9 (RLIN) | 5674208 |
| 650 #1 - SUBJECT ADDED ENTRY--TOPICAL TERM | |
| Topical term or geographic name as entry element | Cat shows |
| Form subdivision | Fiction. |
| 9 (RLIN) | 6416396 |
| 650 #1 - SUBJECT ADDED ENTRY--TOPICAL TERM | |
| Topical term or geographic name as entry element | Cats |
| General subdivision | Training |
| Form subdivision | Fiction. |
| 9 (RLIN) | 6488732 |
| 650 #1 - SUBJECT ADDED ENTRY--TOPICAL TERM | |
| Topical term or geographic name as entry element | Coffeehouses |
| Form subdivision | Fiction. |
| 9 (RLIN) | 5748847 |
| 650 #1 - SUBJECT ADDED ENTRY--TOPICAL TERM | |
| Topical term or geographic name as entry element | Animal shelters |
| Form subdivision | Fiction. |
| 9 (RLIN) | 5686495 |
| 650 #1 - SUBJECT ADDED ENTRY--TOPICAL TERM | |
| Topical term or geographic name as entry element | Humorous stories. |
| 942 ## - ADDED ENTRY ELEMENTS (KOHA) | |
| Source of classification or shelving scheme | Dewey Decimal Classification |
| Koha item type | BOOK |
| Withdrawn status | Lost status | Source of classification or shelving scheme | Damaged status | Not for loan | Collection code | Home library | Current library | Shelving location | Date acquired | Source of acquisition | Serial Enumeration / chronology | Total Checkouts | Total Renewals | Full call number | Barcode | Date last seen | Date checked out | Cost, replacement price | Price effective from | Koha item type |
|---|---|---|---|---|---|---|---|---|---|---|---|---|---|---|---|---|---|---|---|---|
| Dewey Decimal Classification | Junior Fiction | Wasatch County Library | Wasatch County Library | Main Floor Junior Area | 06/05/2024 | Penworthy | #1 Home for Meow | 5 | 8 | J Eschmann | 34301002078972 | 09/12/2025 | 07/25/2025 | 18.96 | 06/05/2024 | BOOK |
